Развитие творческого потенциала работников в условиях формирования экономики нового типа; Проблемы и перспективы социально-экономического реформирования современного государства и общества

Bibliographische Detailangaben
Parent link:Проблемы и перспективы социально-экономического реформирования современного государства и общества.— 2014.— [С. 92-95]
1. Verfasser: Макашева Ю. С. Юлия Сергеевна
Körperschaft: Национальный исследовательский Томский политехнический университет (ТПУ) Институт природных ресурсов (ИПР) Кафедра экономики природных ресурсов (ЭПР)
Zusammenfassung:Заглавие с экрана
Режим доступа: по договору с организацией-держателем ресурса
Sprache:Russisch
Veröffentlicht: 2014
Schlagworte:
Online-Zugang:http://elibrary.ru/item.asp?id=23010633
Format: MixedMaterials Elektronisch Buchkapitel
KOHA link:https://koha.lib.tpu.ru/cgi-bin/koha/opac-detail.pl?biblionumber=640544

MARC

LEADER 00000naa0a2200000 4500
001 640544
005 20250602161346.0
035 |a (RuTPU)RU\TPU\network\5103 
035 |a RU\TPU\network\4969 
090 |a 640544 
100 |a 20150420d2014 k||y0rusy50 ca 
101 0 |a rus 
102 |a RU 
135 |a drcn ---uucaa 
181 0 |a i  
182 0 |a b 
200 1 |a Развитие творческого потенциала работников в условиях формирования экономики нового типа  |f Ю. С. Макашева 
203 |a Текст  |c электронный 
300 |a Заглавие с экрана 
320 |a [Библиогр.: с. 94-95 (10 назв.)] 
333 |a Режим доступа: по договору с организацией-держателем ресурса 
463 |t Проблемы и перспективы социально-экономического реформирования современного государства и общества  |o материалы XVII международной научно-практической конференции, Москва, 30 декабря 2014 г.  |v [С. 92-95]  |d 2014 
610 1 |a электронный ресурс 
610 1 |a труды учёных ТПУ 
610 1 |a творческий потенциал 
610 1 |a экономика 
610 1 |a общество 
610 1 |a интеллектуализм 
610 1 |a образовательный процесс 
700 1 |a Макашева  |b Ю. С.  |c экономист  |c ассистент кафедры Томского политехнического университета  |f 1989-  |g Юлия Сергеевна  |3 (RuTPU)RU\TPU\pers\34092 
712 0 2 |a Национальный исследовательский Томский политехнический университет (ТПУ)  |b Институт природных ресурсов (ИПР)  |b Кафедра экономики природных ресурсов (ЭПР)  |3 (RuTPU)RU\TPU\col\18668 
801 2 |a RU  |b 63413507  |c 20150608  |g RCR 
850 |a 63413507 
856 4 |u http://elibrary.ru/item.asp?id=23010633 
942 |c CF